MARC details
| 000 -CABECERA |
| campo de control de longitud fija |
01063cam a2200301 a 4500 |
| 001 - NÚMERO DE CONTROL |
| campo de control |
000007502 |
| 005 - FECHA Y HORA DE LA ÚLTIMA TRANSACCIÓN |
| campo de control |
20200929154206.0 |
| 008 - DATOS DE LONGITUD FIJA--INFORMACIÓN GENERAL |
| campo de control de longitud fija |
920902s1992 sp ac b 001 0cspa |
| 020 ## - NÚMERO INTERNACIONAL ESTÁNDAR DEL LIBRO |
| Número Internacional Estándar del Libro |
8472234819 |
| 035 ## - NÚMERO DE CONTROL DEL SISTEMA |
| Número de control de sistema |
(DLC) 92209541 |
| 040 ## - FUENTE DE LA CATALOGACIÓN |
| Centro catalogador/agencia de origen |
DO-SdBNP |
| Centro/agencia transcriptor |
DLC |
| Centro/agencia modificador |
BNPHU |
| 082 ## - NÚMERO DE LA CLASIFICACIÓN DECIMAL DEWEY |
| Número de clasificación |
920.5 |
| Número de documento/Ítem |
S165c |
| 049 ## - FONDOS LOCALES (OCLC) |
| Fondos de biblioteca |
BNGR |
| 100 1# - ENTRADA PRINCIPAL--NOMBRE DE PERSONA |
| Nombre de persona |
Salinas, Pedro, |
| Fechas asociadas al nombre |
1892-1951. |
| 9 (RLIN) |
7966 |
| 245 10 - MENCIÓN DE TÍTULO |
| Título |
Correspondencia (1923-1951) / |
| Mención de responsabilidad, etc. |
Pedro Salinas, Jorge Guillén; edición introducción y notas de Andrés Soria Olmedo. |
| 260 ## - PUBLICACIÓN, DISTRIBUCIÓN, ETC. |
| Lugar de publicación, distribución, etc. |
Barcelona : |
| Nombre del editor, distribuidor, etc. |
Tusquets, |
| Fecha de publicación, distribución, etc. |
1992. |
| 300 ## - DESCRIPCIÓN FÍSICA |
| Extensión |
631 p. : |
| Otras características físicas |
il. ; |
| Dimensiones |
23 cm. |
| 490 1# - MENCIÓN DE SERIE |
| Mención de serie |
Marginales |
| Designación de volumen o secuencia |
120 |
| 504 ## - NOTA DE BIBLIOGRAFÍA, ETC. |
| Nota de bibliografía, etc. |
Incluye referencias bibliográficas y notas al pie de las páginas. |
| 600 14 - PUNTO DE ACCESO ADICIONAL DE MATERIA--NOMBRE DE PERSONA |
| Nombre de persona |
SALINAS, PEDRO, |
| Fechas asociadas al nombre |
1892-1951 |
| 9 (RLIN) |
7966 |
| 600 14 - PUNTO DE ACCESO ADICIONAL DE MATERIA--NOMBRE DE PERSONA |
| Nombre de persona |
GUILLÉN, JORGE, |
| Fechas asociadas al nombre |
1893- |
| 9 (RLIN) |
8751 |
| 650 #4 - PUNTO DE ACCESO ADICIONAL DE MATERIA--TÉRMINO DE MATERIA |
| Término de materia o nombre geográfico como elemento de entrada |
Autores españoles |
| Subdivisión cronológica |
SIGLO XX |
| 9 (RLIN) |
633 |
| 650 #4 - PUNTO DE ACCESO ADICIONAL DE MATERIA--TÉRMINO DE MATERIA |
| Término de materia o nombre geográfico como elemento de entrada |
Cartas españolas |
| 9 (RLIN) |
9744 |
| 700 1# - PUNTO DE ACCESO ADICIONAL--NOMBRE DE PERSONA |
| Nombre de persona |
Guillen, Jorge, |
| Fechas asociadas al nombre |
1893- |
| 9 (RLIN) |
8751 |
| 700 1# - PUNTO DE ACCESO ADICIONAL--NOMBRE DE PERSONA |
| Nombre de persona |
Soria Olmedo, Andrés, |
| Término indicativo de función/relación |
ed. |
| -- |
pról. |
| 9 (RLIN) |
12630 |
| 830 #0 - PUNTO DE ACCESO ADICIONAL DE SERIE-TÍTULO UNIFORME |
| Título uniforme |
Marginales ; |
| Designación de volumen o secuencia |
120 |
| 9 (RLIN) |
20830 |
| 910 ## - DATOS DE OPCIÓN DEL USUARIO (OCLC) |
| Datos de opción del usuario |
Catalogación por copia / LC |